000 00553nam a22001697a 4500
005 20251108165416.0
008 250721s1974 xx 000 0 ara d
082 1 4 _aم/929.1/بلا
100 1 _aالبلاذرى، أبو العباس أحمد بن يحيى بن جابر
245 1 0 _aأنساب الأشراف /
264 1 _aبيروت :
_bمؤسسة الأعظمي للمطبوعات،
_c1974.
300 _a
650 1 7 _aالأنساب
700 1 _aالمحمودي، محمد باقر
_eتحقيق
942 _2ddc
_cREF
999 _c27208
_d27208